000 00348nam a22001457a 4500
008 210603b ||||| |||| 00| 0 eng d
020 _a9780321537669
041 _aeng
080 _24th
_a330.101.542
082 _a330.101.542
100 _a52
101 _aMIKRO
245 _aEconomics today the Micro view
_cRoger L. Miller
942 _2udc
_cBK
999 _c57937
_d57937